| 000 | 00372pab a2200145 454500 | ||
|---|---|---|---|
| 008 | 180718b1987 xxu||||| |||| 00| 0 eng d | ||
| 100 | _aPanday, G. | ||
| 245 |
_aPerspective plan for poverty alleviation _bA few suggestions |
||
| 260 | _c1987 | ||
| 300 | _a182-98 | ||
| 362 | _aMar. | ||
| 650 | _aPoverty - India | ||
| 773 | _aASCI Journal of Management | ||
| 909 | _a15855 | ||
| 999 |
_c15855 _d15855 |
||